Buzzcocks: Albums by Cover - Statistics

General Stats
  • This quiz has been taken 3 times
  • The average score is 7 of 11
Answer Stats
Picture Hint Answer % Correct
1978 Love Bites
100%
1996 All Set
67%
1978 Another Music in a Different Kitchen
67%
2003 Buzzcocks
67%
2006 Flat-Pack Philosophy
67%
1999 Modern
67%
2014 The Way
67%
1991 Time's Up
67%
1993 Trade Test Transmissions
67%
1979 A Different Kind of Tension
33%
2021 Sonics in the Soul
33%
No matching quizzes found
Score Distribution
Percent of People with Each Score
Percentile by Number Answered
Your Score History
You have not taken this quiz